Statistiken für Top 10 Länder mit den meisten Vulkanen

Klicken Sie hier um das Quiz zu spielen!

Allgemein

  • Dieses Quiz wurde 272 mal gespielt
  • Das Durchschnittsergebnis liegt bei 7 aus 10

Antwortstatistiken

VulkaneLand% Korrekt
173Vereinigte Staaten
94%
112Japan
89%
43Mexiko
85%
139Indonesien
82%
166Russland
80%
104Chile
78%
130Island
76%
50Philippinen
68%
53Papua-Neuguinea
45%
57Äthiopien
10%

Verteilung der Resultate

Perzentil nach korrekt beantworteten Fragen

Anzahl Personen mit jedem Resultat

Ihre Resultats-Entwicklung

Sie haben dieses Quiz noch nicht gespielt